| 000 | 00345nam a2200133 a 4500 | ||
|---|---|---|---|
| 001 | 3830 | ||
| 003 | CDMR | ||
| 005 | 20130116135249.0 | ||
| 008 | 130130s1988||||||||||||||||||||||||||||d | ||
| 040 |
_aCDMR _bcat _cCPC GIRONA |
||
| 245 | 2 |
_a10 años de Constitución española _cVaris |
|
| 260 |
_c1988 _bAsociación de la Prensa de Zaragoza |
||
| 942 | _cMON | ||
| 999 |
_c3830 _d3830 |
||